| 000 | 00489nam a2200181Ia 4500 | ||
|---|---|---|---|
| 003 | LK-CoDNM | ||
| 008 | 010623t1923 xxu||||| |||| 00| 1 eng d | ||
| 040 |
_aLK-CoDNM _dLK-CoDNM _eLK-CoDNM |
||
| 041 |
_aeng _aHindi |
||
| 080 | _a22 H.29 | ||
| 100 | _aMookerjee,Asutosh | ||
| 245 | _aHistory of Indian Medicine | ||
| 260 |
_bUniversity of Calcutta _aCalcutta _c1923 |
||
| 300 | _bxxi,210p., 22 cm | ||
| 650 | _aAyurvedic Physicians | ||
| 700 | _aMukhopadhyaya,Girindranath | ||
| 942 | _cBK | ||
| 999 |
_c91502 _d91502 |
||